| 000 | 01718nam0a2200397 4500 | ||
|---|---|---|---|
| 001 | RU\NLR\BIBL_A\012704447 | ||
| 005 | 20220322151811.0 | ||
| 010 | _a978-5-09-086772-6 | ||
| 021 |
_aRU _bКН-П-22-048215 _9КН-П-22-4179 |
||
| 021 |
_aRU _bКН-П-23-043261 _9КН-П-23-4325 |
||
| 021 |
_aRU _bКН-П-21-072249 _9КН-П-21-5728 |
||
| 021 |
_aRU _bКН-П-24-060498 _9КН-П-24-6014 |
||
| 035 | _a(NLR Aleph) 012704447 | ||
| 090 |
_a12889431 _c12889431 |
||
| 100 | _a20220210d2021 d y0rusy50 ca | ||
| 101 | 1 |
_arus _ceng |
|
| 102 | _aRU | ||
| 105 | _aa|||z|||000ay | ||
| 181 | 0 |
_ai _baxxe |
|
| 182 | 0 | _an | |
| 200 | 1 |
_aДолгое эхо _e[для среднего школьного возраста] _fЭрин Хантер _gперевод с англ. В. Максимовой _gиллюстрации Л. Насырова |
|
| 203 |
_aТекст _bвизуальный _cнепосредственный |
||
| 210 |
_aМосква _cОЛМА _cПросвещение _d2021 |
||
| 215 |
_a350, [1] с. _cил. _d21 |
||
| 225 | 1 | _aСерия "Коты-воители" | |
| 300 | _aЗагл. обл.: Коты-воители. Долгое эхо | ||
| 333 | _aДля детей старше 6 лет | ||
| 517 | 1 | _aКоты-воители. Долгое эхо | |
| 686 | 0 | _aШ9(4Вл)62-4 | |
| 700 | 1 |
_7ca _8rus _aХантер _bЭ. _cколлективный псевдоним _gЭрин _976007 _3RU\NLR\AUTH\7793081 |
|
| 702 | 1 |
_4440 _7ca _8rus _aНасыров _bЛ. Х. _cиллюстратор _f1943- _gЛеонид Хамидович _952445 _3RU\NLR\AUTH\7769517 |
|
| 942 | _cBOOK | ||
| 980 | _aNB | ||